| 000 | 00782nam a2200253 4500 | ||
|---|---|---|---|
| 003 | OSt | ||
| 005 | 20260601193850.0 | ||
| 008 | 260507b1999 |||ao||| |||| 001 0 spa d | ||
| 040 |
_aICI _bspa _cICI |
||
| 050 |
_aNK4008.M48 _bH85 |
||
| 100 | 1 |
_aHuitrón, Antonio _932113 |
|
| 245 | 1 |
_aMETEPEC: _bMiseria y grandeza del Barro |
|
| 250 | _a2a. Edición | ||
| 264 |
_bUAEM Uinv. Autónoma del Edo. de México _c1999 _aMéxico |
||
| 300 | _a211 páginas | ||
| 336 |
_atexto _2rdacontent |
||
| 337 |
_asin medio _2rdamedia |
||
| 338 |
_avolumen _2rdacarrier |
||
| 650 |
_aCerámica popular _zMéxico _zMetepec _932114 |
||
| 650 |
_aArtesanías mexicanas _zEstado de México _932115 |
||
| 650 |
_aAlfarería mexicana _927671 |
||
| 650 |
_aArte popular _zMéxico _9882 |
||
| 942 |
_2lcc _cB _n1 |
||
| 999 |
_c21808 _d21808 |
||